Pulp and paper capacities = Capacités de la pâte et du papier = Capacidades de pasta y papel Survey 2000 - 2005 = En quête 2000 - 2005 = Estudio 2000 - 2005

Đã lưu trong:
書目詳細資料
主要作者: Pulp and paper capacities
格式: 圖書
語言:Undetermined
出版: Rome, Italy FAO 2001
主題:
標簽: 添加標簽
沒有標簽, 成為第一個標記此記錄!
Thư viện lưu trữ: Trung tâm Học liệu Trường Đại học Cần Thơ
LEADER 00703nam a2200193Ia 4500
001 CTU_47953
008 210402s9999 xx 000 0 und d
082 |a 338.436762 
082 |b P981 
100 |a Pulp and paper capacities 
245 0 |a Pulp and paper capacities = Capacités de la pâte et du papier = Capacidades de pasta y papel 
245 0 |b Survey 2000 - 2005 = En quête 2000 - 2005 = Estudio 2000 - 2005 
260 |a Rome, Italy 
260 |b FAO 
260 |c 2001 
650 |a paper industry,forests and forestry,Kinh tế lâm nghiệp 
650 |x economic aspects 
904 |i Nguyễn Quang Điền, 981229 
980 |a Trung tâm Học liệu Trường Đại học Cần Thơ